| 000 | 00411cam a2200169ua 4500 | ||
|---|---|---|---|
| 020 | _c1.00 | ||
| 041 |
_amal _h |
||
| 082 |
_a894.812301 _bMEN/SA |
||
| 100 | _aMenon, V.V . | ||
| 245 |
_aSandhya / _cV.V.Menon. _hTextual Documents |
||
| 260 |
_aTrivandrum : _bP.K.Memorial press and book house depot , _c1953. |
||
| 300 | _a92 ; . | ||
| 365 | _a1.00 | ||
| 504 | _a | ||
| 942 | _cBK | ||
| 999 |
_c952 _d952 |
||